| 000 | 00962nam a22002777a 4500 | ||
|---|---|---|---|
| 001 | 2021 | ||
| 003 | FISKH | ||
| 005 | 20240614095509.0 | ||
| 008 | 231030b cb ||||| |||| 00| 0 eng d | ||
| 020 | _a9780545365826 | ||
| 040 |
_aDLC _cDLC _beng |
||
| 050 | 0 | 0 | _aK861 |
| 082 | _a591.56 | ||
| 100 | _aKosara, Tori | ||
| 245 | 0 | 0 |
_aHibernation _cBy Tori Kosara |
| 260 |
_aNew York : _bScholastic, _c2011. |
||
| 300 |
_a32 pages : _bcolor illustrations ; _c23 cm |
||
| 505 | 0 | _aJ | |
| 520 | _aExplains how various animals prepare for hibernation by stuffing themselves with food so that they can survive during the dormant months and how these animals prepare safe spots, like dens and burrows, so that they will be protected from predators as they sleep. | ||
| 521 | 8 |
_a500
_bLexile Adjusted |
|
| 521 | 8 |
_aJ
_bRaz-Plus |
|
| 650 | 0 |
_2Hibernation _vNonfiction |
|
| 906 |
_a7 _bcbc _corignew _d4 _encip _f20 |
||
| 942 |
_2ddc _cBK _n0 |
||
| 999 |
_c2021 _d2021 |
||